Statistics for British Cities and Towns by Picture - 1

Click here to take the quiz!

General Stats

  • This quiz has been taken 281 times
    (157 since last reset)
  • The average score is 12 of 20

Answer Stats

Answer% Correct
Bath
90%
Dover
90%
London
87%
Blackpool
85%
Edinburgh
79%
Newcastle-upon-Tyne
75%
Bristol
74%
Portsmouth
69%
Birmingham
66%
Brighton
65%
Liverpool
61%
Cardiff
59%
Oxford
50%
Chesterfield
39%
Durham
37%
Falkirk
34%
Whitby
32%
Coventry
31%
Glasgow
31%
Norwich
19%

Score Distribution

Percentile by Number Answered

Percent of People with Each Score

Your Score History

You have not taken this quiz since the last reset